书目信息 |
| 题名: |
浓香型大曲酒生产技术
|
|
| 作者: | 李大和 主编 | |
| 分册: | ||
| 出版信息: | 北京 中国轻工业出版社 1997 |
|
| 页数: | 522页 | |
| 开本: | 19cm | |
| 丛书名: | ||
| 单 册: | ||
| 中图分类: | TS262.3 | |
| 科图分类: | ||
| 主题词: | 大曲酒--酿造 , 酿造--大曲酒 | |
| 电子资源: | ||
| ISBN: | 7-5019-2090-7 | |
| 000 | 00689nam0 2200241 45 | |
| 001 | 1355679718 | |
| 005 | 20130515173152.07 | |
| 010 | @a7-5019-2090-7@dCNY35.00 | |
| 100 | @a20130108d1997 em y0chiy0110 ea | |
| 101 | 0 | @achi |
| 102 | @aCN@b110000 | |
| 105 | @ay z 000yy | |
| 106 | @ar | |
| 200 | 1 | @a浓香型大曲酒生产技术@ANong Xiang Xing Da Qu Jiu Sheng Chan Ji Shu@f李大和主编@FLi Da He Zhu Bian |
| 205 | @a2版(修订版) | |
| 210 | @a北京@c中国轻工业出版社@d1997 | |
| 215 | @a522页@d19cm | |
| 606 | 0 | @a大曲酒@x酿造 |
| 606 | 0 | @a酿造@x大曲酒 |
| 690 | @aTS262.3@v5 | |
| 701 | 0 | @a李大和@ALi Da He@4主编 |
| 801 | @aCN@bTANGWEI@c20130111 | |
| 905 | @b0831472-74@dTS262.3@e263=2@f3 | |
| 浓香型大曲酒生产技术/李大和主编.-2版(修订版).-北京:中国轻工业出版社,1997 |
| 522页;19cm |
| ISBN 7-5019-2090-7:CNY35.00 |
| ● |
| 相关链接 |
|
|
|
|
正题名:浓香型大曲酒生产技术
索取号:TS262.3/263=2
 
预约/预借
| 序号 | 登录号 | 条形码 | 馆藏地/架位号 | 状态 | 备注 |
| 1 | 0831472 | 208314723 | 第二样本阅览室/ [索取号:TS262.3/263=2] | 在馆 | |
| 2 | 0831473 | 208314732 | 密集书库-化学系/ [索取号:TS262.3/263=2] | 在馆 | |
| 3 | 0831474 | 208314741 | 第三借阅区/ [索取号:TS262.3/263=2] | 在馆 |